000 00445nam a2200121 a 4500
001 000040666
005 20201002034305.0
008 130905s2012 dr 000 0 spa d
040 _aDO-SdBNP
_bspa
_cBNPHU
245 0 0 _aBicentenario del nacimiento del padre fundador de la República :
_bprogramación de los actos del bicentenario en la provincia Espaillat.
260 _aSanto Domingo :
_bMinisterio de Cultura,
_c2012.
300 _a33 p. ;
_c21 cm.
999 _c40156
_d40156